Plakirovanyje mnogoslojnyje metally /

Salvato in:
Dettagli Bibliografici
Autore principale: Astrov, E.I (Autore)
Natura: Libro
Lingua:russo
Pubblicazione: Moskva : Metallurgija, 1965
Soggetti:
Tags: Aggiungi Tag
Nessun Tag, puoi essere il primo ad aggiungerne!!

MARC

LEADER 00000nam a22000003a 4500
001 stu34411
005 20150617225729.3
008 920317s1965----xxr-----------------rus-d
040 |a STU  |b slo 
041 0 |a rus 
044 |a xxr 
080 |a 621.771.8 
100 1 |a Astrov, E.I  |4 aut 
245 1 |a Plakirovanyje mnogoslojnyje metally /  |c [aut.]E.I. Astrov 
260 |a Moskva :  |b Metallurgija,  |c 1965 
300 |a 239 s 
650 7 |a Plátovanie  |2 stusub 
650 7 |a Navalcovanie  |2 stusub 
996 |b 284M004662  |c M*3278-1  |l MMKN  |s A  |a 24  |w stu34411_0001